000 00906nmm a2200277 a 4500
001 ocm000593449
003 TR-IsHL
005 20201028133946.0
008 131121s2002 tu tur
007 cr cn
020 _a9789756628201
035 _a593449
_b(N$T)
050 0 4 _aBP188
_b.G39 2002
090 0 4 _aBP188
_b.G39 2002
100 1 _aGazzali, İmam
245 1 0 _aMuhtasar ihya- ü ulumiddin
_h[electronic resource] /
_cİmam Gazzali ; çev. Ali Aslan
260 _aİstanbul :
_bŞura Yayınları,
_c2002
300 _a428 p.
650 4 _aFelsefe, Psikoloji ve Din
650 4 _aPhilosophy, Psychology and Religion
650 0 _aDini yaşam
_x İslam
650 0 _aRelgious life
_x Islam
650 7 _aRELIGION / Islam / Rituals & Practice
_2bisacsh
700 1 _aAslan, Ali
856 4 0 _uhttp://search.ebscohost.com/login.aspx?direct=true&scope=site&db=e011xww&AN=593449
999 _c5926
_d5926